| 000 | 00982cam a2200217 4500 | ||
|---|---|---|---|
| 001 | WB3744-09 | ||
| 008 | 011121n2001 000 0 eng u | ||
| 035 | _a(Sirsi) u115659 | ||
| 245 | _aSoft landing for commercial rents | ||
| 260 | _c2001 | ||
| 490 |
_aRICS Press Release _v(pr150) 20 November 2001, (2) |
||
| 520 | _aRICS publishes its first forecast for rental movements in the UK commercial property sector in the next two years. It predicts commercial property rental growth will be reduced to 2.5% in 2002 before recovering to 3.1% in 2003. Economic slowdown is the key factor to the limiting of growth but the danger of rental falls is much less than in the early 1990s recession. | ||
| 590 | _aWB | ||
| 650 | _aRICS ECONOMIC FORECASTS | ||
| 650 | _aPROPERTY-COMMERCIAL PROPERTY | ||
| 650 | _aCONSUMER SPENDING | ||
| 650 | _aECONOMIC DOWNTURN | ||
| 650 | _aCOMMERCIAL BUILDING | ||
| 690 | _aPROPERTY-COMMERCIAL PROPERTY-COMMERCIAL PROPERTY MARKET | ||
| 942 | _n0 | ||
| 999 |
_c68882 _d68882 |
||